Statistics for Choose the Correct Spelling #3

Click here to take the quiz!

General Stats

  • This quiz has been taken 39 times
  • The average score is 12 of 15

Answer Stats

QuestionAnswer% Correct
The capital of South KoreaSeoul
100%
Used to see today’s dateCalendar
97%
Type of natural disasterTsunami
97%
A chemical elementBeryllium
91%
Like a xylophone, but metallicGlockenspiel
91%
A condimentMayonnaise
91%
A country (sovereign state)Tanzania
88%
An Irish countyMonaghan
79%
Large animalHippopotamus
76%
A mythological creatureSphinx
74%
Another large animalRhinoceros
71%
A Jewish festivalHanukkah
65%
A keyboard instrumentHarpsichord
65%
A province in CanadaSaskatchewan
65%
Measures wind speedAnemometer
50%

Score Distribution

Percentile by Number Answered

Percent of People with Each Score

Your Score History

You have not taken this quiz